[Event "Cup Russia (open)"]
[Site "masterchessopen.com – Tula (Russia)"]
[Round "4"]
[White "Abramov Anatoli P (RUS)"]
[Black "Timofeev Sergey (RUS)"]
[Result "1-0"]
[WhiteElo "2210"]
[BlackElo "2257"]

1.d4 Nf6 2.Nf3 g6 3.c4 Bg7 4.Nc3 d6 5.e4 O-O 6.Be2 e5 7.O-O Nc6 8.d5 Ne7 9.Ne1
Nd7 10.f3 f5 11.g4 h6 12.h4 Nf6 13.Nd3 Bd7 14.Rf2 c6 15.Rg2 Kh7 16.Be3 cxd5
17.cxd5 b5 18.a3 Nc8 19.Nb4 fxe4 20.fxe4 a6 21.g5 Ne8 22.Nc6 Bxc6 23.dxc6 hxg5
24.hxg5 Nc7 25.Qe1 Rh8 26.Bd1 d5 27.Bb3 Bf8 28.Rh2+ Kg7 29.Rxh8 Kxh8 30.Qh4+
{#r} 1-0

[Event "Ch Provinciale BG"]
[Site "masterchessopen.com – Bergamo (Italy)"]
[Date "2002.10.04"]
[Round "1"]
[White "Rota Simone (ITA)"]
[Black "Asperti Fabio"]
[Result "1-0"]
[WhiteElo "2002"]
[BlackElo "1582"]

1.d4 g6 2.c4 Bg7 3.Nc3 d6 4.Nf3 Nf6 5.e4 O-O 6.Be2 e5 7.O-O Nc6 8.d5 Ne7 9.Ne1
Nd7 10.f3 f5 11.Be3 f4 12.Bf2 g5 13.a4 Nf6 14.a5 a6 15.c5 Qe8 16.cxd6 cxd6
17.Na4 Qg6 18.Nb6 Rb8 19.Nxc8 Rbxc8 20.Qb3 Rc7 21.Nd3 g4 22.Nxe5 dxe5 23.d6+
Kh8 24.dxe7 g3 25.exf8=Q+ Bxf8 26.Bxg3 fxg3 27.h3 Nh5 28.Qd5 Bc5+ 29.Kh1 Bd6
30.Rad1 Rd7 31.f4 Nf6 32.Qe6 {#r} 1-0

[Event "It (cat.4)"]
[Site "masterchessopen.com – Wijk aan Zee (Netherlands)"]
[Round "7"]
[White "Bottema Tom (NED)"]
[Black "Tan Kevin (NED)"]
[Result "0-1"]
[WhiteElo "2261"]
[BlackElo "2279"]

1.d4 Nf6 2.Nf3 g6 3.c4 Bg7 4.Nc3 d6 5.e4 O-O 6.Be2 e5 7.O-O Nc6 8.d5 Ne7 9.Ne1
Nd7 10.f3 f5 11.g4 Kh8 12.Be3 Ng8 13.Ng2 h5 14.h3 Bh6 15.Bf2 hxg4 16.hxg4 Bg5
17.Bg3 fxg4 18.f4 exf4 19.Nxf4 Ne5 20.Ne6 Bxe6 21.dxe6 Qe7 22.Nd5 Qh7 23.Qd4
Nf6 24.e7 Rf7 25.Bxe5 dxe5 26.Qxe5 Qh5 27.Qc3 Rh7 28.Rxf6 Qh1+ 29.Kf2 Rh2+
{#R} 0-1

[Event "Ch Poland (team) (2nd liga)"]
[Site "masterchessopen.com – Poland"]
[Date "2003.09.12"]
[Round "9"]
[White "Steczek Marcin (POL)"]
[Black "Stachanczyk Jacek (POL)"]
[Result "1-0"]
[WhiteElo "2318"]
[BlackElo "2141"]

1.Nf3 Nf6 2.d4 g6 3.c4 Bg7 4.Nc3 O-O 5.e4 d6 6.Be2 e5 7.O-O Nc6 8.d5 Ne7 9.Ne1
Nd7 10.f3 f5 11.g4 f4 12.h4 Rf7 13.Ng2 Nf6 14.Bd2 c5 15.Rb1 Bd7 16.a3 b6 17.b4
Nc8 18.Be1 Rb8 19.Bf2 Bf8 20.bxc5 dxc5 21.Nxf4 exf4 22.e5 Kg7 23.exf6+ Qxf6
24.Ne4 Qe5 25.Be1 Qd4+ 26.Kg2 Qxd1 27.Rxd1 Be7 28.d6 Bd8 29.Bc3+ Kg8 {#r} 1-0

[Event "Ch Germany (juniors) (under 16)"]
[Site "masterchessopen.com – Willingen (Germany)"]
[Date "2004.05.30"]
[Round "2"]
[White "Rietze Clemens (GER)"]
[Black "Mueller Philipp (GER)"]
[Result "0-1"]
[WhiteElo "1847"]
[BlackElo "2016"]

1.d4 Nf6 2.c4 g6 3.Nc3 Bg7 4.e4 d6 5.Nf3 O-O 6.Be2 e5 7.O-O Nc6 8.d5 Ne7 9.Ne1
Nd7 10.f3 f5 11.Be3 f4 12.Bf2 g5 13.b4 Nf6 14.c5 Ng6 15.a4 Rf7 16.a5 h5
17.cxd6 cxd6 18.Nb5 g4 19.Bxa7 g3 20.hxg3 fxg3 21.Bb6 Qe7 22.Nd3 Nxd5 23.exd5
Qh4 24.Re1 Qh2+ 25.Kf1 Nh4 {#R} 0-1

[Event "Olympiad"]
[Site "masterchessopen.com – Calvia (Spain)"]
[Date "2004.10.16"]
[Round "1"]
[White "Ftacnik Lubomir (SVK)"]
[Black "Phillips Roy (MRI)"]
[Result "1-0"]
[WhiteElo "2533"]
[BlackElo "2229"]

1.Nf3 Nf6 2.c4 g6 3.Nc3 Bg7 4.e4 d6 5.d4 O-O 6.Be2 e5 7.O-O Nc6 8.d5 Ne7 9.Ne1
Nd7 10.f3 f5 11.g4 f4 12.h4 Kh8 13.Ng2 Ng8 14.Bd2 a6 15.Be1 Bf6 16.b4 h5 17.g5
Bxg5 18.hxg5 Qxg5 19.Rc1 Ndf6 20.Kh2 Qh6 21.Kh1 g5 22.c5 Qg7 23.cxd6 cxd6
24.Na4 g4 25.Nb6 g3 26.Kg1 Rb8 27.Qc2 Bd7 28.Bd2 Nh6 29.Qc7 Nxe4 30.Nxd7 Nxd2
31.Nxf8 {#r} 1-0

[Event "Ch Ukraine (juniors) (under 16) (1/2 final)"]
[Site "masterchessopen.com – Dnepropetrovsk (Ukraine)"]
[Round "5"]
[White "Reshetkov Kirill (UKR)"]
[Black "Yurkov Alexey (UKR)"]
[Result "0-1"]
[WhiteElo "2265"]
[BlackElo "2091"]

1.d4 Nf6 2.c4 g6 3.Nc3 Bg7 4.e4 O-O 5.Nf3 d6 6.Be2 e5 7.O-O Nc6 8.d5 Ne7 9.Ne1
Nd7 10.f3 f5 11.g4 a5 12.Be3 b6 13.a3 fxg4 14.fxg4 Rxf1+ 15.Kxf1 Nc5 16.Nd3
Ba6 17.Nxc5 dxc5 18.Nb5 Nc8 19.d6 Nxd6 20.Nxc7 Qxc7 21.Qd5+ Qf7+ {#R} 0-1

[Event "Ch European Union"]
[Site "masterchessopen.com – Cork (Ireland)"]
[Date "2005.03.23"]
[Round "2"]
[White "Almond Richard (ENG)"]
[Black "Paramos Dominguez Roberto (ESP)"]
[Result "0-1"]
[WhiteElo "2096"]
[BlackElo "2410"]

1.d4 Nf6 2.c4 g6 3.Nc3 Bg7 4.e4 d6 5.Nf3 O-O 6.Be2 e5 7.O-O Nc6 8.d5 Ne7 9.Ne1
Nd7 10.f3 f5 11.g4 Kh8 12.Be3 Ng8 13.Qd2 f4 14.Bf2 h5 15.h3 Bf6 16.Nd3 Rf7
17.b4 Rh7 18.Kg2 Nf8 19.c5 Bh4 20.Qe1 Bxf2 21.Qxf2 g5 22.cxd6 cxd6 23.Kg1 Ng6
24.Ne1 Nf6 25.Ng2 Bd7 26.Rfc1 hxg4 27.hxg4 Rh3 28.Qf1 Qb6+ 29.Qf2 Rh1+ {#R}
0-1

[Event "Memorial N.Muhamedzjanov"]
[Site "masterchessopen.com – Naberezhnye Chelny (Russia)"]
[Date "2006.06.18"]
[Round "11"]
[White "Kichubaev Kamil (RUS)"]
[Black "Khusnutdinov Rustam (KAZ)"]
[Result "0-1"]
[WhiteElo "2378"]
[BlackElo "2411"]

1.d4 Nf6 2.c4 g6 3.Nc3 d6 4.e4 Bg7 5.Nf3 O-O 6.Be2 e5 7.O-O Nc6 8.d5 Ne7 9.Ne1
Nd7 10.f3 f5 11.Be3 f4 12.Bf2 g5 13.Nd3 Nf6 14.c5 Ng6 15.cxd6 cxd6 16.Nb5 g4
17.Rc1 g3 18.hxg3 fxg3 19.Bxg3 Nh5 20.Bh2 Bh6 21.Rc3 Be3+ 22.Nf2 Qg5 23.Kh1
Ng3+ 24.Bxg3 Qxg3 25.Rxe3 Nf4 26.Rg1 Qxf2 {#R} 0-1

[Event "Tournament"]
[Site "masterchessopen.com – Grodzisk Mazowiecki (Poland)"]
[Date "2006.07.06"]
[Round "5"]
[White "Tomaszewska Luiza (POL)"]
[Black "Wolski Jaroslaw (POL)"]
[Result "1-0"]
[WhiteElo "1779"]
[BlackElo "1892"]

1.d4 Nf6 2.c4 g6 3.Nc3 Bg7 4.Nf3 d6 5.e4 O-O 6.Be2 Nc6 7.O-O e5 8.d5 Ne7 9.Ne1
Nd7 10.f3 a5 11.Be3 f5 12.Nd3 f4 13.Bf2 b6 14.Qc2 g5 15.a3 Nc5 16.b4 Nxd3
17.Qxd3 h5 18.c5 bxc5 19.bxc5 Ng6 20.Qd1 Ba6 21.Bxa6 Rxa6 22.c6 Qc8 23.h3 Rf6
24.Rb1 Nf8 25.Rb7 Rf7 26.Ba7 g4 27.Rb8 {#r} 1-0

[Event "It \"]
[Site "masterchessopen.com – Belgrade (Yugoslavia)"]
[Date "2007.04.01"]
[Round "7"]
[White "Kosovac Milan (SRB)"]
[Black "Bogavac Milic (SRB)"]
[Result "1-0"]
[WhiteElo "2035"]
[BlackElo "1856"]

1.Nf3 Nf6 2.d4 g6 3.c4 Bg7 4.Nc3 d6 5.e4 O-O 6.Be2 e5 7.O-O Nc6 8.d5 Ne7 9.Ne1
Nd7 10.f3 f5 11.g4 fxg4 12.fxg4 Rxf1+ 13.Bxf1 Nf6 14.Be2 Bd7 15.Nd3 a6 16.a4
Qc8 17.h3 Qe8 18.Kg2 Qf7 19.b4 Rc8 20.Be3 Kh8 21.b5 a5 22.Qd2 b6 23.Rf1 Qg8
24.Bg5 Rf8 25.Ne1 Rf7 26.Nf3 Qf8 27.Bh4 Neg8 28.Ng5 Re7 29.Ne6 Bxe6 30.dxe6
Rxe6 31.g5 Nxe4 32.Nxe4 {#r} 1-0

[Event "Ch Europe (w)"]
[Site "masterchessopen.com – Dresden (Germany)"]
[Date "2007.04.03"]
[Round "1"]
[White "Michna Marta (GER)"]
[Black "Isgandarova Khayala (AZE)"]
[Result "1-0"]
[WhiteElo "2375"]
[BlackElo "2188"]

1.d4 Nf6 2.Nf3 g6 3.c4 Bg7 4.Nc3 O-O 5.e4 d6 6.Be2 e5 7.O-O Nc6 8.d5 Ne7 9.Ne1
Nd7 10.f3 f5 11.g4 f4 12.h4 Nf6 13.Nd3 h6 14.Kg2 Nh7 15.Rh1 Bf6 16.Bd2 Kh8
17.Be1 Nf5 18.gxf5 gxf5 19.Kf1 fxe4 20.Nxe4 Bf5 21.Bf2 Be7 22.Ne1 Qd7 23.Bd3
c6 24.Rc1 Bd8 25.Qc2 Rc8 26.dxc6 bxc6 27.Nxd6 {#r} 1-0

[Event "Ch France (juniors) (under 18)"]
[Site "masterchessopen.com – Le Grand Bornand (France)"]
[Date "2007.04.09"]
[Round "2"]
[White "Chretien Corentin (FRA)"]
[Black "Valles Manuel (FRA)"]
[Result "0-1"]
[WhiteElo "1960"]
[BlackElo "2113"]

1.d4 Nf6 2.c4 g6 3.Nf3 Bg7 4.Nc3 O-O 5.e4 d6 6.Be2 e5 7.O-O Nc6 8.d5 Ne7 9.Ne1
Nd7 10.f3 f5 11.g4 h6 12.b4 a5 13.Nd3 axb4 14.Nxb4 Nc5 15.Be3 b6 16.a4 Nb7
17.Qd2 Na5 18.Rfb1 fxg4 19.fxg4 g5 20.Nb5 Ng6 21.Nc2 Nf4 22.Ra3 Qd7 23.Rc3 Nb7
24.Ra3 Rf7 25.Rf1 Nc5 26.Bf3 Rxa4 27.Bxc5 Rxc4 28.Nxd6 cxd6 29.Bxb6 Qb5 30.Be3
Qb2 31.Nb4 Qxa3 32.Nc6 Qc3 {#R} 0-1

[Event "It (open) \"]
[Site "masterchessopen.com – Berdsk (Russia)"]
[Date "2007.07.08"]
[Round "1"]
[White "Vassiliev G (RUS)"]
[Black "Egorov Nikolay (RUS)"]
[Result "0-1"]
[WhiteElo "2184"]
[BlackElo "2085"]

1.d4 Nf6 2.Nf3 g6 3.c4 Bg7 4.Nc3 O-O 5.e4 d6 6.Be2 e5 7.O-O Nc6 8.d5 Ne7 9.Ne1
Nd7 10.f3 f5 11.g4 h6 12.Be3 fxg4 13.fxg4 Rxf1+ 14.Bxf1 g5 15.Nd3 Nf6 16.h3 c5
17.a3 Ng6 18.b4 b6 19.bxc5 bxc5 20.Rb1 Qe7 21.Qa4 Bd7 22.Qa6 Nf4 23.h4 h5
24.Nb5 hxg4 25.hxg5 N6h5 26.Bxf4 Nxf4 27.Nxf4 exf4 28.Nxd6 Bd4+ 29.Kg2 f3+
30.Kg3 Qe5+ 31.Kh4 Qh2+ {#R} 0-1

[Event "Tournament (open) \"]
[Site "masterchessopen.com – Uljanovsk (Russia)"]
[Date "2008.02.02"]
[Round "3"]
[White "Smirnova Anastasia (RUS)"]
[Black "Kashaev Evgeni (RUS)"]
[Result "0-1"]
[WhiteElo "1948"]
[BlackElo "2223"]

1.d4 Nf6 2.Nf3 g6 3.c4 Bg7 4.Nc3 O-O 5.e4 d6 6.Be2 e5 7.O-O Nc6 8.d5 Ne7 9.Ne1
Nd7 10.f3 f5 11.g4 Kh8 12.Be3 Ng8 13.Ng2 f4 14.Bf2 h5 15.h3 Rf7 16.b4 Bf8
17.Rc1 Rh7 18.h4 g5 19.hxg5 hxg4 20.fxg4 Qxg5 21.Nb5 Ndf6 22.Bh4 Qg6 23.g5
Nxe4 24.Bg4 Bxg4 25.Qxg4 Ngf6 26.Qe2 Nxg5 27.Bxg5 Qxg5 28.c5 Nxd5 29.cxd6 Bxd6
{#R} 0-1

[Event "It (open)"]
[Site "masterchessopen.com – Avoine (France)"]
[Date "2008.07.22"]
[Round "4"]
[White "Lozac'hmeur Yann (FRA)"]
[Black "Stephan Victor (FRA)"]
[Result "0-1"]
[WhiteElo "2062"]
[BlackElo "2155"]

1.d4 Nf6 2.c4 g6 3.Nc3 Bg7 4.e4 d6 5.Nf3 O-O 6.Be2 e5 7.O-O Nc6 8.d5 Ne7 9.Ne1
Nd7 10.f3 f5 11.Be3 f4 12.Bf2 g5 13.Nd3 Nf6 14.c5 Rf7 15.Rc1 Ng6 16.cxd6 cxd6
17.a4 Bf8 18.a5 h5 19.Nb5 g4 20.Nxa7 Bd7 21.Qb3 g3 22.Bb6 Qe7 23.Rc7 Ne8
24.Rxd7 Qxd7 25.h3 Be7 26.Nb4 Bd8 27.Bb5 Bxb6+ 28.axb6 Qd8 29.Bxe8 Qxb6+
30.Kh1 Rxe8 31.Ra1 Ra8 32.Qa4 Rxa7 {#R} 0-1

[Event "Memorial M.Chigorin (open)"]
[Site "masterchessopen.com – St. Petersburg (Russia)"]
[Date "2008.10.05"]
[Round "2"]
[White "Belov Vladimir (RUS)"]
[Black "Gorovykh Eduard (RUS)"]
[Result "1-0"]
[WhiteElo "2579"]
[BlackElo "2390"]

1.d4 Nf6 2.c4 g6 3.Nc3 Bg7 4.e4 O-O 5.Nf3 d6 6.Be2 e5 7.O-O Nc6 8.d5 Ne7 9.Ne1
Nd7 10.f3 f5 11.g4 h6 12.h4 a5 13.Nd3 c5 14.g5 Kh7 15.Rf2 Rf7 16.Bd2 Nb6 17.b3
Bd7 18.Rg2 Qc7 19.Qe1 Nbc8 20.gxh6 Bf6 21.Bg5 f4 22.h5 Bh3 23.Bxf6 Bxg2 24.Qh4
Bh3 25.Bxe7 Nxe7 26.Qxh3 Rg8 27.Kf2 gxh5 28.Qe6 {#r} 1-0

[Event "It (young masters) (cat.4)"]
[Site "masterchessopen.com – Winterthur (Switzerland)"]
[Date "2008.10.08"]
[Round "6"]
[White "Carron Julien (SUI)"]
[Black "Rosenthal Jonathan (SUI)"]
[Result "1-0"]
[WhiteElo "2414"]
[BlackElo "2208"]

1.d4 Nf6 2.Nf3 d6 3.c4 g6 4.Nc3 Bg7 5.e4 O-O 6.Be2 e5 7.O-O Nc6 8.d5 Ne7 9.Ne1
Nd7 10.f3 f5 11.g4 Kh8 12.Kg2 Ng8 13.g5 f4 14.h4 h6 15.Rh1 Rf7 16.Nd3 Bf8
17.Qg1 Kg7 18.Kf1 Be7 19.Bd2 hxg5 20.hxg5 Bxg5 21.Nb5 Nf8 22.c5 a6 23.Na3 Kf6
24.Nc4 Rh7 25.Bc3 Bh3+ 26.Ke1 Rc8 27.Kd2 Nd7 28.Nf2 {#r} 1-0

[Event "Cup European Club (final)"]
[Site "masterchessopen.com – Kallithea (Greece)"]
[Date "2008.10.17"]
[Round "1"]
[White "Markos Jan (SVK)"]
[Black "Bjornsson Sigurbjorn (ISL)"]
[Result "1-0"]
[WhiteElo "2557"]
[BlackElo "2323"]

1.d4 Nf6 2.c4 g6 3.Nc3 Bg7 4.e4 d6 5.Nf3 O-O 6.Be2 e5 7.O-O Nc6 8.d5 Ne7 9.Ne1
Nd7 10.f3 f5 11.g4 Nf6 12.Nd3 Kh8 13.Be3 c6 14.h3 b5 15.Nb4 c5 16.Nc6 Nxc6
17.dxc6 bxc4 18.Bxc4 Ne8 19.Qd2 Qb6 20.b4 Qxb4 21.Qd3 Nc7 22.Rab1 Qa5 23.Bd2
Ne6 24.Nb5 Qd8 25.Qxd6 a6 26.Qxd8 Rxd8 27.Bxe6 axb5 28.Bd5 Ra3 29.Rxb5 Bf8
30.Bg5 Ba6 31.Bxd8 Bxb5 32.Rb1 {#r} 1-0

[Event "It (masters)"]
[Site "masterchessopen.com – Hastings (England)"]
[Date "2008.12.30"]
[Round "3"]
[White "Almond Richard (ENG)"]
[Black "Eames Robert (ENG)"]
[Result "1-0"]
[WhiteElo "2138"]
[BlackElo "2329"]

1.d4 Nf6 2.c4 g6 3.Nf3 Bg7 4.Nc3 O-O 5.e4 d6 6.Be2 e5 7.O-O Nc6 8.d5 Ne7 9.Ne1
Nd7 10.f3 f5 11.g4 Kh8 12.h4 Ng8 13.g5 h6 14.Kg2 f4 15.Rh1 Rf7 16.Nd3 Bf8
17.Qg1 Rh7 18.Kf1 hxg5 19.hxg5 Rxh1 20.Qxh1+ Kg7 21.Qh4 Be7 22.Nxf4 exf4
23.Bxf4 Ne5 24.Bd2 Nf7 25.f4 Kf8 26.Kg2 c5 27.Rh1 Bd7 28.Qh7 Be8 29.Bg4 a6
30.Be6 b5 31.Qxg6 Ra7 32.Rh8 {#r} 1-0

[Event "Bundesliga B West 2008/09"]
[Site "masterchessopen.com – Austria"]
[Date "2009.03.07"]
[Round "10"]
[White "Enoeckl Philipp (AUT)"]
[Black "Schnegg Daniel (AUT)"]
[Result "1-0"]
[WhiteElo "2216"]
[BlackElo "2092"]

1.d4 Nf6 2.c4 g6 3.Nc3 Bg7 4.e4 d6 5.Be2 O-O 6.Nf3 e5 7.O-O Nc6 8.d5 Ne7 9.Ne1
Nd7 10.f3 f5 11.Be3 f4 12.Bf2 g5 13.a4 a5 14.Nd3 b6 15.b4 axb4 16.Nxb4 Rf6
17.Nc6 Nxc6 18.dxc6 Nb8 19.c5 bxc5 20.Bxc5 Be6 21.Bb5 Qc8 22.Nd5 Rf7 23.Bxd6
Bxd5 24.Qxd5 cxd6 25.c7 Na6 26.Bc4 Qf8 27.Bxa6 Rxa6 28.Rfc1 Qc8 29.Rab1 {#r}
1-0

[Event "It (open)"]
[Site "masterchessopen.com – Anapa (Russia)"]
[Date "2009.09.03"]
[Round "4"]
[White "Birjukov Sergey (RUS)"]
[Black "Bobrov Alexey (RUS)"]
[Result "1-0"]
[WhiteElo "2254"]
[BlackElo "2029"]

1.d4 Nf6 2.c4 g6 3.Nc3 Bg7 4.e4 d6 5.Be2 O-O 6.Nf3 e5 7.O-O Nc6 8.d5 Ne7 9.Ne1
Nd7 10.f3 f5 11.g4 Nf6 12.Nd3 Qd7 13.Nf2 fxg4 14.fxg4 h6 15.h4 Nh7 16.Be3 Rf7
17.Qd2 Bf6 18.g5 hxg5 19.hxg5 Bg7 20.Ng4 Qd8 21.Rxf7 Kxf7 22.Rf1+ Kg8 23.Nf6+
Kh8 24.Qe1 Bxf6 25.gxf6 Ng8 26.f7 Ngf6 27.Qh4 Qe7 28.Bg5 Kg7 29.Qh6+ {#r} 1-0

[Event "It (open) \"]
[Site "masterchessopen.com – Tatranske Zruby (Slovakia)"]
[Date "2009.09.29"]
[Round "3"]
[White "Skreno Vladimir (SVK)"]
[Black "Jedlicka Ales (CZE)"]
[Result "0-1"]
[WhiteElo "2179"]
[BlackElo "2270"]

1.d4 Nf6 2.Nf3 g6 3.c4 Bg7 4.Nc3 O-O 5.e4 d6 6.Be2 e5 7.O-O Nc6 8.d5 Ne7 9.Ne1
Nd7 10.f3 f5 11.g4 Nf6 12.Nd3 c6 13.Be3 Kh8 14.Kg2 b5 15.b3 a5 16.Nf2 b4
17.Na4 c5 18.a3 Neg8 19.axb4 axb4 20.Nxc5 Rxa1 21.Qxa1 f4 {#R} 0-1

[Event "Ch World (juniors) (under 20)"]
[Site "masterchessopen.com – Puerto Madryn (Argentina)"]
[Date "2009.10.23"]
[Round "3"]
[White "Dzhumadaev Ruslan (RUS)"]
[Black "Bajarani Ulvi (AZE)"]
[Result "1-0"]
[WhiteElo "2261"]
[BlackElo "2358"]

1.d4 Nf6 2.c4 g6 3.Nf3 Bg7 4.Nc3 O-O 5.e4 d6 6.Be2 e5 7.O-O Nc6 8.d5 Ne7 9.Ne1
Nd7 10.f3 f5 11.g4 Kh8 12.g5 f4 13.h4 h6 14.Rf2 Rf7 15.Rh2 Ng8 16.Nd3 Bf8
17.Kf2 Be7 18.Qg1 Rh7 19.Nxf4 exf4 20.Bxf4 Kg7 21.Rg2 hxg5 22.hxg5 Ne5 23.Be3
Qf8 24.Rg3 Rh4 25.Ke1 Rf4 26.Kd2 Rxf3 27.Bxf3 Nxf3+ 28.Rxf3 Qxf3 29.Rf1 {#r}
1-0

[Event "It (open) \"]
[Site "masterchessopen.com – Hastings (England)"]
[Date "2009.12.29"]
[Round "2"]
[White "Kolbus Dietmar (GER)"]
[Black "Sreeves Clement (SCO)"]
[Result "1-0"]
[WhiteElo "2383"]
[BlackElo "2011"]

1.Nf3 Nf6 2.c4 g6 3.Nc3 Bg7 4.e4 d6 5.d4 O-O 6.Be2 e5 7.O-O Nc6 8.d5 Ne7 9.Ne1
Nd7 10.f3 f5 11.g4 Kh8 12.Nd3 Ng8 13.Bd2 Bh6 14.Rf2 Bxd2 15.Qxd2 f4 16.h3 Kg7
17.Rh2 h5 18.Kh1 hxg4 19.hxg4 Ndf6 20.Kg2 g5 21.Rah1 Ne7 22.Kf2 Ng6 23.Ke1 c6
24.Nf2 Qc7 25.Nh3 Nh7 26.Nxf4 Nh4 27.Nh5+ Kg6 28.Ng3 {#r} 1-0

[Event "Czech League 2009/10 (krajsky prebor)"]
[Site "masterchessopen.com – Czech Republic"]
[Date "2010.01.24"]
[Round "7"]
[White "Zidek Vaclav (CZE)"]
[Black "Mitura Karel (CZE)"]
[Result "1-0"]
[WhiteElo "2048"]
[BlackElo "2017"]

1.d4 Nf6 2.c4 g6 3.Nc3 Bg7 4.e4 d6 5.Nf3 O-O 6.Be2 e5 7.O-O Nc6 8.d5 Ne7 9.Ne1
Nd7 10.f3 f5 11.g4 Nf6 12.exf5 gxf5 13.g5 Nh5 14.Ng2 Ng6 15.Kh1 f4 16.Rg1 Qd7
17.Ne4 Qh3 18.Ne1 Nh4 19.Bf1 Qd7 20.Qc2 Qe7 21.Qf2 Nf5 22.Bh3 Bh8 23.Nf6+ {#r}
1-0

[Event "Memorial V.Doroshkevich (open)"]
[Site "masterchessopen.com – Belorechensk (Russia)"]
[Date "2010.05.25"]
[Round "4"]
[White "Gabrielian Artur (RUS)"]
[Black "Kryakvin Dmitry (RUS)"]
[Result "0-1"]
[WhiteElo "2547"]
[BlackElo "2591"]

1.d4 Nf6 2.c4 g6 3.Nc3 Bg7 4.e4 d6 5.Nf3 O-O 6.Be2 e5 7.O-O Nc6 8.d5 Ne7 9.Ne1
Nd7 10.f3 f5 11.g4 Kh8 12.g5 Ng8 13.Kh1 h6 14.Rg1 f4 15.gxh6 Bxh6 16.Rxg6 Bg5
17.Nb5 Kh7 18.Rxg5 Qxg5 19.Nxc7 Rf7 20.Ne6 Qh5 21.Nd3 Nf8 22.Nexf4 exf4
23.Nxf4 Qh4 24.Ng2 Qf6 25.a4 Ng6 26.Ra3 Bh3 {#R} 0-1

[Event "Memorial Karl Mala (open)"]
[Site "masterchessopen.com – Frankfurt (Germany)"]
[Date "2010.07.08"]
[Round "1"]
[White "Hirneise Lothar (GER)"]
[Black "Guthmann Peter (GER)"]
[Result "0-1"]
[WhiteElo "1705"]
[BlackElo "2154"]

1.d4 Nf6 2.c4 g6 3.Nc3 Bg7 4.e4 d6 5.Nf3 O-O 6.Be2 e5 7.O-O Nc6 8.d5 Ne7 9.Ne1
Nd7 10.f3 f5 11.g4 Nf6 12.Be3 f4 13.Bf2 g5 14.b4 h5 15.h3 Ng6 16.c5 Rf7
17.cxd6 cxd6 18.Rc1 Bf8 19.Rc2 Bd7 20.Qc1 a6 21.a4 Be7 22.a5 Qf8 23.Na2 hxg4
24.hxg4 Qh6 25.Ng2 Rh7 26.Bb6 Qh2+ 27.Kf2 Qg3+ 28.Kg1 Kg7 29.Qe1 Rah8 30.Qxg3
fxg3 31.Ne3 Nf4 {#R} 0-1

[Event "Ch Austria"]
[Site "masterchessopen.com – Vienna (Austria)"]
[Date "2010.07.27"]
[Round "4"]
[White "Moritz Christian (AUT)"]
[Black "Enoeckl Philipp (AUT)"]
[Result "0-1"]
[WhiteElo "2172"]
[BlackElo "2285"]

1.d4 Nf6 2.Nf3 g6 3.c4 Bg7 4.Nc3 O-O 5.e4 d6 6.Be2 e5 7.O-O Nc6 8.d5 Ne7 9.Ne1
Nd7 10.f3 f5 11.g4 Kh8 12.Be3 Ng8 13.Ng2 Bh6 14.Qd2 Bxe3+ 15.Qxe3 f4 16.Qf2 h5
17.h3 Kg7 18.b4 g5 19.Rfc1 hxg4 20.hxg4 Ndf6 21.Bd3 Nh6 22.Kf1 Bxg4 23.fxg4
Nhxg4 24.Qg1 Rh8 25.Ke2 Rh2 26.Rf1 Qh8 27.Ke1 Qh3 {#R} 0-1

[Event "Ch Russia (juniors) (team)"]
[Site "masterchessopen.com – Rybinsk (Russia)"]
[Date "2010.08.03"]
[Round "2"]
[White "Shimanov Aleksandr (RUS)"]
[Black "Matinian Nikita (RUS)"]
[Result "0-1"]
[WhiteElo "2512"]
[BlackElo "2354"]

1.d4 Nf6 2.c4 g6 3.Nc3 Bg7 4.e4 d6 5.Nf3 O-O 6.Be2 e5 7.O-O Nc6 8.d5 Ne7 9.Ne1
Nd7 10.f3 f5 11.g4 Kh8 12.h4 c6 13.Be3 Nf6 14.Kg2 Qd7 15.g5 f4 16.Bd2 Qh3+
17.Kg1 Nh5 18.Ng2 Ng3 19.b4 cxd5 20.cxd5 Bd7 21.Kf2 Rac8 22.Rh1 Nxh1+ 23.Qxh1
Qxh1 24.Rxh1 Rc7 25.Rb1 h6 26.Ne1 hxg5 27.hxg5 Kg8 28.Nb5 Bxb5 29.Bxb5 Kf7
30.Bf1 Rh8 31.b5 Nc8 {#R} 0-1

[Event "Ch France (open) (a)"]
[Site "masterchessopen.com – Belfort (France)"]
[Date "2010.08.20"]
[Round "10"]
[White "Ternault Mathieu (FRA)"]
[Black "Lambert Adrien (FRA)"]
[Result "1-0"]
[WhiteElo "2071"]
[BlackElo "2094"]

1.d4 g6 2.c4 Bg7 3.Nc3 Nf6 4.e4 d6 5.Nf3 O-O 6.Be2 e5 7.O-O Nc6 8.d5 Ne7 9.Ne1
Nd7 10.f3 f5 11.g4 f4 12.h4 Nf6 13.Kg2 Rf7 14.c5 Bf8 15.Bd2 Kh8 16.Rc1 Neg8
17.Nd3 Nd7 18.cxd6 cxd6 19.Rh1 Ndf6 20.Qg1 h6 21.Qf2 h5 22.g5 Nh7 23.Nb5 a6
24.Nc7 Rb8 25.Ba5 b6 26.Bxb6 Nxg5 27.Ne6 {#r} 1-0

[Event "It (open)"]
[Site "masterchessopen.com – Moehnesee (Germany)"]
[Date "2010.08.28"]
[Round "5"]
[White "Ringwelski Marius (GER)"]
[Black "Schreiner Till (GER)"]
[Result "1-0"]
[WhiteElo "2058"]
[BlackElo "2149"]

1.d4 Nf6 2.c4 g6 3.Nc3 Bg7 4.e4 d6 5.Nf3 O-O 6.Be2 e5 7.O-O Nc6 8.d5 Ne7 9.Ne1
Nd7 10.f3 f5 11.Nd3 f4 12.Bd2 h5 13.Rc1 g5 14.c5 Nf6 15.Nf2 Rf7 16.cxd6 cxd6
17.Nb5 Ne8 18.Qb3 Bf8 19.Rc2 Rg7 20.h3 Ng6 21.Rfc1 a6 22.Na7 Bd7 23.Nc6 bxc6
24.dxc6+ Kh8 25.cxd7 Qxd7 26.Qd5 Rb8 27.b3 Be7 28.Qc6 Qe6 29.Qxa6 Rg8 30.Bc4
{#r} 1-0

[Event "It (open) \"]
[Site "masterchessopen.com – Tatranske Zruby (Slovakia)"]
[Date "2010.10.03"]
[Round "2"]
[White "Skreno Vladimir (SVK)"]
[Black "Kriebel Tadeas (CZE)"]
[Result "0-1"]
[WhiteElo "2160"]
[BlackElo "2299"]

1.d4 Nf6 2.Nf3 g6 3.c4 Bg7 4.Nc3 O-O 5.e4 d6 6.Be2 e5 7.O-O Nc6 8.d5 Ne7 9.Ne1
Nd7 10.f3 f5 11.Be3 f4 12.Bf2 g5 13.Nb5 Nf6 14.Nxa7 Bd7 15.Nb5 b6 16.b4 g4
17.a4 Ng6 18.c5 bxc5 19.bxc5 g3 20.hxg3 fxg3 21.Bxg3 Nh5 22.Bf2 Ngf4 23.Kh2
Qg5 24.Rh1 Rf6 25.Bf1 Ng3 26.Bxg3 Rh6+ 27.Kg1 Qxg3 28.Rxh6 Bxh6 29.Nd3 Bxb5
{#R} 0-1

[Event "Ch World (juniors) (under 14)"]
[Site "masterchessopen.com – Porto Carras (Greece)"]
[Date "2010.10.24"]
[Round "6"]
[White "Grandadam Patrick (SUI)"]
[Black "Girish A Koushik (IND)"]
[Result "0-1"]
[WhiteElo "2159"]
[BlackElo "2342"]

1.Nf3 Nf6 2.c4 g6 3.Nc3 Bg7 4.e4 d6 5.d4 O-O 6.Be2 e5 7.O-O Nc6 8.d5 Ne7 9.Ne1
Nd7 10.f3 a5 11.Nd3 f5 12.g4 f4 13.h4 Kf7 14.Nxf4 exf4 15.Bxf4 Kg8 16.Bg3 Nc5
17.Qc2 h5 18.g5 Qd7 19.Rad1 Qh3 20.Kf2 Bg4 21.f4 Bxc3 22.bxc3 Nf5 23.exf5 Bxf5
24.Bd3 Nxd3+ 25.Rxd3 Bxd3 {#R} 0-1